000 00280nam a22001097a 4500
082 _a388.041
_bRUB
_cD
100 _aRubenstein, Harvey M
_938414
245 _aSite and environmental planning/
526 _a0
_b0
_c0
_d388_041000000000000_RUB
650 _aMCE
_9379
942 _2ddc
_cBK
999 _c543065
_d543065